Osobní počítače, číselníky a relační databáze

Problematika číselníkov v súvislosti s tvorbou aplikačného programového vybavenia (APV), výklad pojmov a skratiek. Zmysel používania číselníkov, ich návrh. Databáza objektov a číselníky. Návrh číselníkov na úrovni systémov a subsystémov, na úrovni úloh a skupín úloh. Pravidlá a zabezpečenie konziste...

Descripción completa

Guardado en:
Detalles Bibliográficos
Autor principal: Strnad, M.
Formato: Capítulo de libro
Lenguaje:checo
Materias:
Etiquetas: Agregar Etiqueta
Sin Etiquetas, Sea el primero en etiquetar este registro!

MARC

LEADER 00000naa a2200000 4500
001 r014405
005 20221214064832.1
041 0 |a cze 
044 |a SK 
245 1 0 |a Osobní počítače, číselníky a relační databáze  |c M. Strnad 
520 |a Problematika číselníkov v súvislosti s tvorbou aplikačného programového vybavenia (APV), výklad pojmov a skratiek. Zmysel používania číselníkov, ich návrh. Databáza objektov a číselníky. Návrh číselníkov na úrovni systémov a subsystémov, na úrovni úloh a skupín úloh. Pravidlá a zabezpečenie konzistencie databázy. 
610 2 0 |a softvér 
610 2 0 |a programy aplikačné 
610 2 0 |a číselníky 
610 2 0 |a báza dát 
100 1 |a Strnad, M.